Guia de serveis : assistència en matèria de govern local assistència en matèria de govern local
Publicado:
[Barcelona] :Diputació de Barcelona, DL 2003 :
Descripción Física:
[39] p. ; 20 x 24 cm
MARC
| LEADER | 00000nam a2200000Ia 4500 | ||
|---|---|---|---|
| 001 | 16586 | ||
| 008 | 160829s9999 xx 000 0 cat d | ||
| 080 | |a FU-43-35 | ||
| 110 | 1 | |a Barcelona (Catalunya : Província). |b Diputació |9 52408 | |
| 245 | |a Guia de serveis : |b assistència en matèria de govern local | ||
| 260 | |a [Barcelona] :Diputació de Barcelona, DL 2003 | ||
| 300 | |a [39] p. ; |c 20 x 24 cm | ||
| 650 | |a Barcelona. Diputació |x Guies |9 32382 | ||
| 650 | |a Serveis públics |x Barcelona (Província) |x Guies |9 30565 | ||
| 901 | |a Arxiu | ||
| 942 | |n 1 | ||
| 952 | |0 0 |1 0 |4 0 |6 FU4335 |7 1 |9 48887 |a Arxiu |b Arxiu |d 2016-12-01 |l 0 |o FU-43-35 |p 16586 |r 2016-12-01 00:00:00 |w 2016-12-01 |y ARXIU | ||
| 999 | |c 52722 |d 52722 | ||